00446nam a2200169Ia 4500003000900000008004100009040001600050080001500066100002100081245004800102250001200150260004100162300001500203650001700218650001900235650002200254IN-BaIIA211028s9999 xx 000 0 eng d cIIA Library a524.3bCLE aClerke, Agnes M. 4aThe system of the starscAgnes M. Clerke  a2nd ed. aLondonbAdam and Charles Blackc1905 axvi, 403p. aSolar system aStar formation aStellar evolution